01309nam a2200193Ia 4500952010100000999001700101008004100118020001500159050002000174100005000194245007400244250001900318260003400337300003500371505064000406519003501046650002201081942001201103 00102lcc4070a01b01d2022-09-10l0oT353 C26 1991p16 001604r2023-07-12t1w2022-09-10yLB c68605d68605120626s1991 mx a 000 0 spa d a9684321716 aT353 bC26 1991 aCalderón Barquín, Francisco Joséeautor aDibujo técnico industrial c/ Francisco José Calderón Barquín a33a. edición aMéxico b: Porrúac, 1991 a120 páginasb: ilustraciones aTOMO I. I. Tipos de letra II. Dibujo lineal geométrico III. Simetría IV. Reproducción de figuras IV. Dibujo de proyecciones V. Proyecciones ortográficas VI, Escalas VII. Acotaciones VIII. Dibujo isométrico TOMO II. I. Clasificación de elementos II. Pasador cónico III. Pasador de horquilla IV. Chavetas V. Remaches VI. Soldaduras VII. Tornillos VIII. Cabezas para tornillos IX. Arandelas X. Tuercas XI. Tensores XII. Acoplamientos XIII. Anillos de situación XIV. Baleros XV. Resortes XVI. Levas y excéntricas XVII. Poleas XVIII. Engranes rectos XIX. Engranes cónicos XX. Engranes helicoidales XXI. Tornillos sin fin a Complementario / d 16 001604 0aDIBUJO MÉCANICO cLB2lcc